The Private Finance Initiative - a new era for local authorities. (Record no. 90159)

MARC details
000 -LEADER
fixed length control field 00891cam a2200325 4500
001 - CONTROL NUMBER
control field M1995
008 - FIXED-LENGTH DATA ELEMENTS--GENERAL INFORMATION
fixed length control field 090401t1995 xxu||||| |||| 00| 0 eng d
035 ## - SYSTEM CONTROL NUMBER
System control number (Sirsi) u35899
041 ## - LANGUAGE CODE
Language code of text/sound track or separate title eng
050 ## - LIBRARY OF CONGRESS CALL NUMBER
Classification number 338.9
100 ## - MAIN ENTRY--PERSONAL NAME
Personal name Clark, Stephen
245 #4 - TITLE STATEMENT
Title The Private Finance Initiative - a new era for local authorities.
260 ## - PUBLICATION, DISTRIBUTION, ETC.
Place of publication, distribution, etc. London
Name of publisher, distributor, etc. D J Freeman
Date of publication, distribution, etc. 1995
300 ## - PHYSICAL DESCRIPTION
Extent 11p. ; 30cm.
350 ## - PRICE (NR) (BK AM CF MU VM SE) [OBSOLETE]
Price 0
520 ## - SUMMARY, ETC.
Summary, etc. A joint briefing by Hillier Parker and D J Freeman.
650 ## - SUBJECT ADDED ENTRY--TOPICAL TERM
Topical term or geographic name entry element CAPITAL FINANCE
650 ## - SUBJECT ADDED ENTRY--TOPICAL TERM
Topical term or geographic name entry element JOINT VENTURES
650 ## - SUBJECT ADDED ENTRY--TOPICAL TERM
Topical term or geographic name entry element LOCAL AUTHORITIES
650 ## - SUBJECT ADDED ENTRY--TOPICAL TERM
Topical term or geographic name entry element PFI
650 ## - SUBJECT ADDED ENTRY--TOPICAL TERM
Topical term or geographic name entry element PRIVATE FINANCE INITIATIVE
690 ## - LOCAL SUBJECT ADDED ENTRY--TOPICAL TERM (OCLC, RLIN)
Topical term or geographic name as entry element PROPERTY-PROPERTY FINANCE AND INVESTMENT
700 ## - ADDED ENTRY--PERSONAL NAME
Personal name Raggett, Brian
700 ## - ADDED ENTRY--PERSONAL NAME
Personal name Totman, Ted
700 ## - ADDED ENTRY--PERSONAL NAME
Personal name Magnus, Alan
710 ## - ADDED ENTRY--CORPORATE NAME
Corporate name or jurisdiction name as entry element Hillier Parker
9 (RLIN) 2054
710 ## - ADDED ENTRY--CORPORATE NAME
Corporate name or jurisdiction name as entry element D. J. Freeman
9 (RLIN) 794
942 ## - ADDED ENTRY ELEMENTS (KOHA)
Suppress in OPAC 0
948 ## - LOCAL PROCESSING INFORMATION (OCLC); SERIES PART DESIGNATOR (RLIN)
c (OCLC) 04/03/1997
Holdings
Withdrawn status Lost status Source of classification or shelving scheme Damaged status Not for loan Home library Current library Shelving location Date acquired Total Checkouts Full call number Barcode Date last seen Date last checked out Copy number Price effective from Koha item type
    Dewey Decimal Classification     London London Basement 22/12/1995 2 BASEMENT 30049330 06/08/2019 26/11/1999 1 06/08/2019 Book